[Event "MNT-ch U20 Girls"]
[Site "Pljevlja"]
[Date "2019.07.01"]
[Round "5"]
[White "Popovic, Mateja"]
[Black "Janjusevic, Andjela"]
[Result "1-0"]
[WhiteElo "1497"]
[BlackElo "1136"]
[PlyCount "45"]
[EventDate "2019.06.29"]
[EventType "tourn"]
[EventRounds "10"]
[EventCountry "MNE"]
[SourceTitle "EXT 2020"]
[Source "ChessBase"]
[SourceDate "2019.10.17"]
[SourceVersion "1"]
[SourceVersionDate "2019.10.17"]
[SourceQuality "1"]

1. d4 d5 2. c4 e6 3. Nc3 Nf6 4. Bg5 h6 5. Bxf6 Qxf6 6. cxd5 exd5 7. Nxd5 Qd6 8. e4 Be6 9. Nc3 Nc6 10. d5 Bxd5 11. exd5 Qe7+ 12. Be2 Ne5 13. f4 Nc4 14. Qa4+ Qd7 15. Qxd7+ Kxd7 16. Bxc4 Re8+ 17. Kd2 Bd6 18. g3 g5 19. Nge2 gxf4 20. Nxf4 Bxf4+ 21. gxf4 Rhg8 22. Rhe1 Rg2+ 23. Re2 1-0